00243nam a2200097Ia 4500008004100000041000800041100001200049245003400061260003500095650001500130231219s9999 xx 000 0 und d aeng aK.Kumar aCases In Strategic Management bGlobal Business Press Delhi95  aManagement